| 000 | 00868nam a2200253 i 4500 | ||
|---|---|---|---|
| 001 | 176639 | ||
| 003 | ES-MaACL | ||
| 005 | 20250816045256.0 | ||
| 008 | 110127m19561957sp o |||| | spa d | ||
| 080 | _a73(460)"10/17" | ||
| 100 | 1 |
_aDalmau, R. _942518 |
|
| 245 | 1 | 3 |
_aLa escultura / _c[texto de R. Dalmau ; fotografías, Archivo Mas]. |
| 250 | _a1ª ed. | ||
| 260 |
_aBarcelona : _bDalmau y Jover, _c1956-1957. |
||
| 300 |
_a2 v. : _bil., fot. ; _c22 cm. |
||
| 490 | 1 | _aEl arte en la Península Ibérica | |
| 505 | 8 |
_aContiene: 1 ; _tS. XI a S. XVI - 2 ; _tS. XVI a XVIII |
|
| 546 | _aTexto en español, francés e inglés. | ||
| 650 | 0 | 7 |
_aEscultura española _2embne _9163150 |
| 710 | 2 |
_aArchivo Mas. _9144912 |
|
| 830 | 0 | 3 |
_aEl arte en la península ibérica _9190185 |
| 852 |
_aES-MaACL _j2274-F-4-5 _xOlim P-470 |
||
| 999 |
_c176639 _d176639 |
||